00524 2200193 4500001002100000005001700021008004100038035002500079082001200104090001800116100001700134245006300151250001100214260003500225300002100260650002500281850001200306990001200318YOGYA-0512000000022420150420101046.0 ind  a0010-051200000000224 a839.313 a839.313 Jon M aJONG, A.M.De aMerijntje gijzens jeugdbonnozele linderenc/ A.M. De Jong aCet. 7 aAmsterdambE.M. Queridosc1927 a238 hlm.c20 cm. aKesusastraan Belanda aYOPDYOG a47932-a